01079 a2200157 45000010006000000050017000060080041000230030015000640400040000790800038001192450057001572640036002143000019002505050630002691000022008995427720260407155814.0260407a1978 arg spa dAR-UNSa-BCEJYS aAR-UNSa-BCEJYSbspacAR-UNSa-BCEJYS a336.74xMoneda. Sistema monetario10aTeoría monetaria, inflación y tasas de interés 1aBuenos Aires :bEl Ateneoc1978 a176 p.c19 cm. a1. Introducción – 2. Teoría y política monetaria – 3. La inflación y los saldos monetarios – 4. El sector real y el financiero – 5. Los efectos de la política monetaria sobre la tasa de interés – 6. La inflación, el interés y el consumo – 7. Las empresas y la inflación – 8. El sistema bancario y la inflación – 9. Las tasas de intereses en los mercados internacionales y el mercado Argentino – 10. La deuda pública y sus efectos sobre la oferta monetaria y el balance de pagos – 11. La política monetaria Argentina (1965-1970) – 12. La institucionalización de la estabilidad. 1 aRibas, Armando P.